000 01662nam a2200457 i 4500
001 9269
003 KOSZ 005
005 20200414134031.0
008 071107s1967 pl a f 000 0 pol
015 _aPB 1967/2827
035 _a(PL-WaBN)b20211004-48omnis_nlop
035 _ab20211004
035 _a(OCoLC)749513722
035 _a(PL)b0000020211004
040 _aWA N
_cWA N
_dKOSZ 005/RW
046 _k1967
080 _a796
245 0 0 _aSporty zimowe :
_błyżwiarstwo figurowe, łyżwiarstwo szybkie, hokej, narciarstwo, saneczkarstwo. /
_c[opracowanie Mikołaj Bańczyk et al.].
260 _aWarszawa :
_b"Sport i Turystyka",
_c1967.
300 _a210, [1] stron :
_bilustracje ;
_c18 cm.
336 _aTekst
_btxt
_2rdacontent
337 _aBez urządzenia pośredniczącego
_bn
_2rdamedia
338 _aWolumin
_bnc
_2rdacarrier
380 _aKsiążki
388 _a1901-2000
490 1 _aBiblioteczka Sportu Szkolnego
_v4
504 _aBibliografia na stronach 208-[209].
650 7 _aSporty zimowe.
_2DBN
658 _aKultura fizyczna i sport
658 _aEdukacja i pedagogika
655 7 _aWydawnictwa popularne
_2DBN
700 1 _aBańczyk, Mikołaj.
_eOpracowanie
700 1 _aGniewkowski, Wacław.
_eOpracowanie
700 1 _aParuszewski, Zenon.
_eOpracowanie
700 1 _aRogalski, Stefan.
_eOpracowanie
710 2 _aWydawnictwo Sport i Turystyka
_4pbl
830 0 _aBiblioteczka Sportu Szkolnego
_v4
856 _uhttp://koha.tu.koszalin.pl/cgi-bin/koha/opac-detail.pl?biblionumber=9269
_yKatalog online BPK
942 _2UKD
_cKS
999 _c9269
_d9269